LEADER 00886nam0-2200301---450- 001 990009776370403321 005 20131021083757.0 035 $a000977637 035 $aFED01000977637 035 $a(Aleph)000977637FED01 035 $a000977637 100 $a20131018d1990----km-y0itay50------ba 101 0 $aita 102 $aAT 105 $aa-------001yy 200 1 $aWolfgang Amadeus Mozart$e5 dicembre 1991: 200. anniversario della morte 210 $aVienna$cServizio stampa federale$d1990 215 $a102 p.$cin gran parte ill.$d30x30 cm 300 $aIn appendice: Attivitą dell'Anno Mozartiano 1991 610 0 $aMozart, Wolfgang Amadeus 676 $a780.924 801 0$aIT$bUNINA$gRICA$2UNIMARC 901 $aBK 912 $a990009776370403321 952 $a780.92 MOZ 3$bBIBL.$fFLFBC 959 $aFLFBC 996 $aWolfgang Amadeus Mozart$9832533 997 $aUNINA LEADER 01164nam 2200373 450 001 9910494719103321 010 $a1-78635-708-9 035 $a(CKB)3710000000829115 035 $a(MiAaPQ)EBC4635179 035 $a(EXLCZ)993710000000829115 100 $a20160901h20162016 uy 0 101 0 $aeng 135 $aurcnu|||||||| 181 $2rdacontent 182 $2rdamedia 183 $2rdacarrier 200 00$aApplication of threshold concepts in business education 210 1$a[Bradford, England] :$cEmerald Group Publishing Limited,$d2016. 210 4$d©2016 215 $a1 online resource (108 pages) $cillustrations, tables 225 0 $aEducation + Training,$x0040-0912 ;$vVolume 58, Number 5 311 $a1-78635-707-0 320 $aIncludes bibliographical references at the end of each chapters. 606 $aBusiness education 608 $aElectronic books. 615 0$aBusiness education. 676 $a650.07 801 0$bMiAaPQ 801 1$bMiAaPQ 801 2$bMiAaPQ 906 $aBOOK 912 $a9910494719103321 996 $aApplication of threshold concepts in business education$92477493 997 $aUNINA